| 000 | 00527nam a22001937a 4500 | ||
|---|---|---|---|
| 003 | KOHA_MİRAKIL | ||
| 005 | 20251224151231.0 | ||
| 008 | 251224b tu ||||| |||| 00| 0 tur d | ||
| 020 | _a9786051961330 | ||
| 040 |
_aTR-AnABB _btur _cTR-AnABB |
||
| 041 | _atur | ||
| 082 |
_a330.09 _bALP 2018 |
||
| 100 | 1 | _aAlpago, Hasan, | |
| 245 | 1 | 0 |
_aİktisadi düşünce tarihi / _cHasan Alpago |
| 260 |
_aKonya : _bÇizgi Kitabevi, _c2018 |
||
| 300 |
_a125 sayfa ; _c22 cm |
||
| 650 | 0 | 4 | _aİktisat tarihi |
| 942 |
_2ddc _cBK |
||
| 999 |
_c9942 _d9942 |
||
| 900 | _bGizem YORULMAZ | ||